00509nam a2200181Ia 4500008004100000020001800041082000800059100002300067245002600090250000600116260003300122300002000155500002400175650001400199942000700213952009000220999001700310230524s9999 xx 000 0 und d a9788126543205 bWIL aWiley India942339 0aEngineering Chemistry a2 aNew DelhibWiley Indiac2013 a"XXXIII,1019p;" aQuantity Number: 1 aChemistry cBK 00104070aTATCLbTATCLcGENd2023-05-24l0o WILp53968r2023-05-24w2023-05-24yBK c56666d56666